Premier League Appearances by Nationality: Switzerland - Statistics

General Stats
  • This quiz has been taken 19 times
  • The average score is 4 of 10
Answer Stats
Appearances Player % Correct
247 Granit Xhaka
100%
129 Xherdan Shaqiri
89%
85 Manuel Akanji
50%
131 Philippe Senderos
50%
211 Fabian Schar
44%
99 Johan Djourou
44%
243 Stephane Henchoz
22%
106 Valon Behrami
11%
56 Marc Hottiger
0%
64 Ramon Vega
0%
No matching quizzes found
Score Distribution
Percent of People with Each Score
Percentile by Number Answered
Your Score History
You have not taken this quiz